Clay mineral in paleosols at Visonta, Hungary

Clay mineral associations of a paleosol sequence in the roof strata of the lignite mine at Visonta were studied by means of XRD, ТЕМ, FTIR, DTA. Investigations show that several clay mineral phases (smectite, kaolinite, illite, vermiculite) are present together in all the strata. High charge montmor...

Teljes leírás

Elmentve itt :
Bibliográfiai részletek
Szerzők: Németh Tibor
Berényi-Üveges Judit
Michéli Erika
Tóth Mária
Dokumentumtípus: Cikk
Megjelent: University of Szeged, Department of Mineralogy, Geochemistry and Petrology Szeged 1999
Sorozat:Acta mineralogica-petrographica 40
Kulcsszavak:Kőzettan, Ásványtan, Földtan
Tárgyszavak:
Online Access:http://acta.bibl.u-szeged.hu/24875
LEADER 01485nab a2200253 i 4500
001 acta24875
005 20220727153058.0
008 161017s1999 hu o 0|| eng d
022 |a 0365-8066 
040 |a SZTE Egyetemi Kiadványok Repozitórium  |b hun 
041 |a eng 
100 1 |a Németh Tibor 
245 1 0 |a Clay mineral in paleosols at Visonta, Hungary  |h [elektronikus dokumentum] /  |c  Németh Tibor 
260 |a University of Szeged, Department of Mineralogy, Geochemistry and Petrology  |b Szeged  |c 1999 
300 |a 11-19 
490 0 |a Acta mineralogica-petrographica  |v 40 
520 3 |a Clay mineral associations of a paleosol sequence in the roof strata of the lignite mine at Visonta were studied by means of XRD, ТЕМ, FTIR, DTA. Investigations show that several clay mineral phases (smectite, kaolinite, illite, vermiculite) are present together in all the strata. High charge montmorillonite oocurs in the present day soil, high charge beidellite is characteristic of the red paleosol and montmorillonite and beidellite are present together in the grey clays. This various clay mineralogy indicate complex genesis of the strata. 
650 4 |a Természettudományok 
650 4 |a Föld- és kapcsolódó környezettudományok 
695 |a Kőzettan, Ásványtan, Földtan 
700 0 2 |a Berényi-Üveges Judit  |e aut 
700 0 2 |a Michéli Erika  |e aut 
700 0 2 |a Tóth Mária  |e aut 
856 4 0 |u http://acta.bibl.u-szeged.hu/24875/1/mineralogica_040_011-019.pdf  |z Dokumentum-elérés